000 00560cam a22002291 4500
001 sa 68002635
003 DLC
005 20260227112445.0
008 940922s1966 ii a 000 0 telo
010 _asa 68002635
025 _aPL480:I-Te-1515
035 _a(OCoLC)31160563
040 _aDLC
_cCU
_dCU
_dDLC
042 _apremarc
050 0 0 _aPL4780.8
_b.V5
100 1 _aVīrrāju, Śīlā,
_d1939-
245 1 0 _aĒrina pūlu.
260 _c1966.
300 _aiv, 336 p.
_bill.
_c19 cm.
500 _aIn Telugu.
650 0 _aShort stories, Telugu.
999 _c78880
_d78880